Making literacy real : theories and practices for learning and teaching

Saved in:
书目详细资料
主要作者: LARSON, Joanne, 1956
格式: 图书
语言:英语
出版: SAGE Publications, 2015. 2015.
标签: 添加标签
没有标签, 成为第一个标记此记录!

MARC

LEADER 00000nam a22000007a 4500
008 211028b ||||| |||| 00| 0 eng d
020 |a 9781446295397 
100 |a LARSON, Joanne, 1956 
245 |a Making literacy real : theories and practices for learning and teaching  |c Joanne Larson and Jackie Marsh  |g  XII, 196p. 
250 |b Second edition 
260 |b  SAGE Publications, 2015.  |c  2015.  |h Thousand Oaks, CA  |i 692138  |l LC 149 .L32  |m Literacy.  |m Language arts (Elementary) 
500 |a Includes bibliographical references and index 
942 |a lcc  |c BK  |e Adeyeye Y. S.  |f 28/10/21 
952 |0 0  |1 0  |2 lcc  |4 0  |6 LC0149 L32  |7 0  |9 3754  |a HOL  |b HOL  |c LP  |d 2021-10-28  |l 0  |o LC 149 .L32  |p 2021-67487  |r 2021-10-28 00:00:00  |w 2021-10-28  |y BK 
999 |c 1869  |d 1869